| 000 | 00730nam a2200229 4500 | ||
|---|---|---|---|
| 003 | OSt | ||
| 005 | 20240708004350.0 | ||
| 006 | a | ||
| 008 | 240708b |||||||| |||| 00| 0 eng d | ||
| 020 | _a0721648282 | ||
| 040 |
_aDWCL-HMN lib. _cOC |
||
| 082 |
_2Second edition _aCirc. 618.2 T469i 1995 |
||
| 100 | _aThompson, Eleanor Dumont | ||
| 245 | _aIntroduction to maternity and pediatric nursing / | ||
| 250 | _aSecond edition | ||
| 260 |
_aPhiladelphia : _bW. B. Saunders Co., _cc1995. |
||
| 300 |
_axxiii, _b981 p. : ill. ; _c26 cm. |
||
| 504 | _aIncludes bibliographical references and index. | ||
| 650 | _a1. Maternity nursing. | ||
| 650 | _a2. Pediatric nursing. | ||
| 942 |
_2ddc _n0 _cBK-CIRC _eSecond edition _kCirc. |
||
| 999 |
_c2057 _d2057 |
||